La democracia cristiana en América Latina: conflictos y competencia laboral

Guardat en:
Dades bibliogràfiques
Autors principals: Mainwaring, Scott (autor), Scully, Timothy R (Autor)
Format: Llibre
Idioma:espanyol
Publicat: Ciudad de México Fondo de Cultura Económica 2010
Col·lecció:Obras de Política y Derecho
Matèries:
Etiquetes: Afegir etiqueta
Sense etiquetes, Sigues el primer a etiquetar aquest registre!

MARC

LEADER 00000nam a2200000 a 4500
001 UCG2732
003 CL-VaPUC
008 100723e20100000MX |||||||||||||||||spa|d
020 |a 9786071601711 
082 0 4 |a 324.28  |b MAI  |2 21 
100 |a Mainwaring, Scott  |e autor  |9 551313 
700 0 |a Scully, Timothy R  |e author  |9 551314 
245 1 3 |a La democracia cristiana en América Latina: conflictos y competencia laboral 
300 |a 520 p 
942 |c BK 
945 |d 20100723 00:00:00  |a mfarfan 
260 |a Ciudad de México  |b Fondo de Cultura Económica  |c 2010 
650 0 |a Política  |9 255312 
650 0 |a Partidos políticos  |9 254999 
650 7 |a DEMOCRACIA CRISTIANA  |2 CL-VaPUC  |9 336874 
650 0 |a Partido Demócrata Cristiano  |9 255585 
583 |a last modification  |c 20100723 00:00:00  |k Rodrigo Vera 
490 0 |a Obras de Política y Derecho 
999 |c 341858  |d 341856 
952 |0 0  |1 0  |4 0  |6 324_280000000000000_MAI_2010  |7 0  |8 A  |9 437647  |a BIBHIS  |b BIBHIS  |d 2019-11-22  |i 4695992  |l 1  |o 324.28 MAI 2010  |p 4695992  |r 2025-04-02  |s 2025-04-02  |w 2019-11-22  |y BK  |k HIS 
952 |0 0  |1 0  |4 0  |6 324_280000000000000_MAI_2010  |7 0  |8 A  |9 437648  |a BIBHIS  |b BIBHIS  |d 2019-11-22  |i 4739183  |o 324.28 MAI 2010  |p 4739183  |r 2025-01-20  |w 2019-11-22  |y BK  |k HIS